[Event "Olongapo City op-B"]
[Site "Olongapo City"]
[Date "2015.11.11"]
[Round "5"]
[White "Miciano, John Marvin"]
[Black "Alora, Verth"]
[Result "0-1"]
[WhiteElo "1882"]
[BlackElo "2065"]
[PlyCount "98"]
[EventDate "2015.11.09"]
[EventType "swiss"]
[EventRounds "10"]
[EventCountry "PHI"]
[SourceTitle "EXT 2017"]
[Source "ChessBase"]
[SourceDate "2016.10.25"]
[SourceVersion "1"]
[SourceVersionDate "2016.10.25"]
[SourceQuality "1"]

1. e4 d5 2. exd5 Nf6 3. Nc3 Nxd5 4. Qf3 e6 5. Nxd5 Qxd5 6. Be2 c5 7. Qxd5 exd5 8. Bf3 Be6 9. Ne2 Nc6 10. Ng3 Bd6 11. 0-0 0-0-0 12. d3 Rhe8 13. Bd2 Nd4 14. Bd1 Bd7 15. c3 Ne6 16. f4 Bb5 17. Be2 g6 18. Rae1 f5 19. b3 h5 20. Nh1 Rd7 21. g3 Rde7 22. c4 Nd4 23. Bd1 Bc6 24. Rxe7 Rxe7 25. Re1 dxc4 26. bxc4 Nf3+ 27. Bxf3 Bxf3 28. Nf2 Re2 29. Rxe2 Bxe2 30. Kg2 Kd7 31. h3 Be7 32. Bc3 Kc6 33. a3 Bd6 34. a4 Bc7 35. Bd2 Bd8 36. Bc3 Be7 37. Kh2 Bd6 38. Kg2 a6 39. Bd2 Kd7 40. Bc3 Ke6 41. Bd2 Be7 42. Bc3 Bf6 43. Ba5 Kd6 44. Bb6 Kc6 45. a5 Bd4 46. h4 Bf6 47. Kg1 Be7 48. Kg2 Bd6 49. d4 Bxc4 0-1